| 000 | 00501nam a2200169 a 4500 | ||
|---|---|---|---|
| 005 | 20260322212039.0 | ||
| 008 | data | ||
| 010 | _a85-12736 | ||
| 090 | _aQM 26 M67 1985 | ||
| 100 | 1 | _aMorris, Desmond | |
| 245 | 1 | 0 |
_aBodywatching : _ba field guide to the human species / _cDesmond Morris. |
| 260 |
_aNew York _bCrown _cp1985 |
||
| 300 |
_a256 p. : _b ill (some col.) |
||
| 500 | _aIncludes index. Ill. on lining papers. Bibliography: p.250-251. "An Equinox book." | ||
| 650 | 4 | _aAnatomy, Human. | |
| 001 | data | ||
| 999 |
_c919 _d919 |
||